000 00243nam a2200097Ia 4500
008 230907s9999||||xx |||||||||||||| ||und||
082 _a604.7
_bAER
245 0 _aAerospace materials and material technologies /
300 _a557 p.
942 _cBK
999 _c599862
_d599862